Fundamentals of genetics (Record no. 435)

000 -LEADER
fixed length control field 00429nam a22001697a 4500
008 - FIXED-LENGTH DATA ELEMENTS--GENERAL INFORMATION
fixed length control field 160930b xxu||||| |||| 00| 0 eng d
082 ## - DEWEY DECIMAL CLASSIFICATION NUMBER
Edition number 23
Classification number 575.1
Item number SIN
100 ## - MAIN ENTRY--PERSONAL NAME
Personal name Singh,B D
245 ## - TITLE STATEMENT
Title Fundamentals of genetics
250 ## - EDITION STATEMENT
Edition statement 1st ed.
260 ## - PUBLICATION, DISTRIBUTION, ETC. (IMPRINT)
Place of publication, distribution, etc. New Delhi
Name of publisher, distributor, etc. Kalyani Publishers
Date of publication, distribution, etc. 1990
300 ## - PHYSICAL DESCRIPTION
Extent xx,860p.
Dimensions 23cm.
500 ## - GENERAL NOTE
General note It includes glossary
650 ## - SUBJECT ADDED ENTRY--TOPICAL TERM
Source of heading or term Biology
Topical term or geographic name as entry element Biology
653 ## - INDEX TERM--UNCONTROLLED
Uncontrolled term Genetics
942 ## - ADDED ENTRY ELEMENTS (KOHA)
Source of classification or shelving scheme
Koha item type Books
Holdings
Withdrawn status Lost status Source of classification or shelving scheme Materials specified (bound volume or other part) Damaged status Not for loan Collection code Permanent location Current location Shelving location Date acquired Coded location qualifier Full call number Barcode Date last seen Price effective from Koha item type Cost, normal purchase price Total Checkouts Total Renewals Date last checked out
      PB     Biotechnology Section Maulana Azad Central Library Maulana Azad Central Library General Stacks 2016-09-30 BIO 575.1 SIN 20548 2016-09-30 2016-09-30 Books        
      PB     Biotechnology Section Maulana Azad Central Library Maulana Azad Central Library General Stacks 2016-10-05 BIO 575.1 SIN 8772 2018-10-10 2016-10-05 Books 275.00 6 3 2018-09-19

Copyright @ USTM
Techno City, Kiling Road, Baridua, 9th Mile,
Ri-Bhoi, Meghalaya-793101

Powered by Koha